Les 10 types d’arts - Statistiques

Statistiques générales
  • Ce quiz a été pris 24 fois
  • Le résultat moyen est 7 sur 10
Statistiques - réponses
Numéro Art % Correct
Septième art Le Cinéma
96%
Troisième art Les Arts Visuels (peinture, dessin, photographie...)
91%
Sixième art Les «Arts de la scène» (danse, théâtre, mime, cirque...)
87%
Quatrième art La Musique
83%
Deuxième art La Sculpture
83%
Cinquième art La Littérature (roman, poésie...)
74%
Premier art L’Architecture
70%
Neuvième art La Bande Dessinée
57%
Dixième art Les Jeux Vidéo et le multimédia
57%
Huitième art Les «Arts médiatiques» (radio, télévision...)
26%
Aucun quiz correspondant
Distribution des résultats
% des personnes avec chaque résultat
Percentile par nombre de réponses
Votre historique - résultats
Vous n’avez pas pris ce quiz